[Event "Agarr's Standard Free for All 5"]
[Site "SchemingMind.com"]
[Date "2012.01.01"]
[Round "-"]
[White "Phillip Beckett"]
[Black "jtrochez1"]
[Result "1/2-1/2"]
[WhiteCountry "ENG"]
[BlackCountry "HON"]
[WhiteElo "1602"]
[WhiteRD "51"]
[BlackElo "1656"]
[BlackRD "48"]
[GameID "300234"]

1. e4 e5 2. Nf3 Nc6 3. Bc4 h6 4. Nc3 Bb4 5. d3 Bxc3+ 6. bxc3 d6 7. h3 Nge7 8. O-O O-O 9. Nh2 d5 10. exd5 Nxd5
11. Bb2 Re8 12. Ng4 Na5 13. Bxd5 Qxd5 14. Re1 Bf5 15. Ne3 Qd7 16. Nxf5 Qxf5 17. Qe2 c5 18. Qe4 Qxe4 19. Rxe4 b6 20. Rae1 Nc6
21. f4 Kf8 22. fxe5 Re6 23. d4 cxd4 24. cxd4 Ne7 25. c4 Rc8 26. d5 Rg6 27. e6 fxe6 28. dxe6 Kg8 29. Ba3 Re8 30. Rd4 Nc8
31. e7 a5 32. Rd8 Kf7 33. Rf1+ Rf6 34. Rxf6+ gxf6 35. Kf2 Nxe7 36. Bxe7 Rxe7 37. Rh8 Kg6 38. Rg8+ Kh7 39. Rb8 Re6 40. Rc8 Re4
41. Rc6 Kg6 42. Rxb6 Rxc4 43. Rb2 a4 44. Ke2= a3 45. Rd2 Rb4 46. Kd1 f5 47. Kc1 h5 48. Rd3 Rc4+ 49. Kd1 Ra4 50. Kc2 Kg5
51. g3 h4 52. gxh4+ Kxh4 53. Rf3 f4 54. Kb3 Re4 55. Kc2 Re2+ 56. Kb1 Re3 57. Rxf4+ Kxh3 58. Kc2 Kg3 59. Ra4=
1/2-1/2

[Event "Agarr's Standard Free for All 5"]
[Site "SchemingMind.com"]
[Date "2012.01.01"]
[Round "-"]
[White "Scooter"]
[Black "jtrochez1"]
[Result "1-0"]
[WhiteCountry "USA"]
[BlackCountry "HON"]
[WhiteElo "1857"]
[WhiteRD "58"]
[BlackElo "1656"]
[BlackRD "48"]
[GameID "300235"]

1. d4 d5 2. Nf3 Nc6 3. Bf4 Bf5 4. c3 Bd7 5. e3 h6 6. h3 e6 7. Be2 Be7 8. O-O Bf6 9. Nbd2 Nge7 10. Re1 O-O
11. c4 Ng6 12. Bg3 Nce7 13. c5 c6 14. a4 Nf5 15. Bh2 b5 16. axb5 cxb5 17. b4 Re8 18. Ra5 a6 19. Qa1 Qc8 20. Qa2 Bc6
21. Ra1 Bb7 22. g4 Nfh4 23. Nxh4 Nxh4 24. Nf3 Nxf3+ 25. Bxf3 Bd8 26. Ra3 Bc7 27. Qc2 Qb8 28. Bxc7 Qxc7 29. Be2 e5 30. dxe5 Rxe5
31. Bxb5 Bc6 32. Rxa6 Bb7 33. Rxa8+ Bc8 34. R1a7 Qd8 35. Ba6
1-0

[Event "Agarr's Standard Free for All 5"]
[Site "SchemingMind.com"]
[Date "2012.01.01"]
[Round "-"]
[White "Olli Ylönen"]
[Black "jtrochez1"]
[Result "1-0"]
[WhiteCountry "FIN"]
[BlackCountry "HON"]
[WhiteElo "1815"]
[WhiteRD "53"]
[BlackElo "1656"]
[BlackRD "48"]
[GameID "300240"]

1. e4 e5 2. Nf3 Nc6 3. d4 exd4 4. Nxd4 d6 5. Nxc6 bxc6 6. Bd3 a5 7. O-O Be7 8. Nc3 Be6 9. a3 h6 10. Bd2 Bf6
11. Re1 Bg5 12. Bxg5 Qxg5 13. g3 Bh3 14. f4 Qc5+ 15. Kh1 O-O-O 16. Qd2 Kd7 17. Ne2 g5 18. Ng1 Bg4 19. b4 axb4 20. axb4 Qb6
21. c4 Ne7 22. c5 Qb8 23. cxd6 cxd6 24. e5 Nc8 25. fxg5 hxg5 26. Qxg5 Be6 27. Bf5 Bxf5 28. Qxf5+ Kc7 29. exd6+ Kb7 30. Qxf7+ Kb6
31. Qf2+ Kb7 32. Ne2 Rxd6 33. Qf7+ Qc7 34. Qxc7+ Kxc7 35. Rec1 Rd2 36. Re1 Re8 37. Nf4 Rxe1+ 38. Rxe1 Rb2 39. Rc1 Kd6 40. Nd3 Rd2
41. Nc5 Ne7 42. Ne4+
1-0

[Event "Agarr's Standard Free for All 5"]
[Site "SchemingMind.com"]
[Date "2012.01.03"]
[Round "-"]
[White "Olli Ylönen"]
[Black "agarr"]
[Result "1/2-1/2"]
[WhiteCountry "FIN"]
[BlackCountry "RUS"]
[WhiteElo "1815"]
[WhiteRD "53"]
[BlackElo "1732"]
[BlackRD "76"]
[GameID "300241"]

1. e4 e5 2. Nf3 Nc6 3. d4 exd4 4. Nxd4 g6 5. Nxc6 bxc6 6. Bc4 Bg7 7. O-O Ne7 8. Nc3 O-O 9. Be3 Re8 10. Bg5 d6
11. Qf3 Be6 12. Bxe6 fxe6 13. Rfd1 Rf8 14. Qh3 Qe8 15. Qxe6+ Rf7 16. Bxe7 Qxe7 17. Qxe7 Rxe7 18. f3 Bxc3 19. bxc3 Re5 20. Rab1 Rb5
21. Rxb5 cxb5 22. a3 Kf7 23. Kf2 Rb8 24. Ke3 Rb6 25. e5 Rc6 26. exd6 Rxc3+ 27. Rd3 Rxd3+ 28. Kxd3 cxd6 29. Kd4 Ke6 30. c4 bxc4
31. Kxc4 Ke5 32. Kd3 d5 33. f4+ Kxf4 34. Kd4 g5 35. Kxd5 g4 36. Kd4=
1/2-1/2

[Event "Agarr's Standard Free for All 5"]
[Site "SchemingMind.com"]
[Date "2012.01.02"]
[Round "-"]
[White "Olli Ylönen"]
[Black "echecs"]
[Result "0-1"]
[WhiteCountry "FIN"]
[BlackCountry "ENG"]
[WhiteElo "1815"]
[WhiteRD "53"]
[BlackElo "1823"]
[BlackRD "68"]
[GameID "300242"]

1. e4 e5 2. Nf3 Nc6 3. d4 exd4 4. Nxd4 Bc5 5. Be3 Qf6 6. c3 Nge7 7. Bc4 Ne5 8. Be2 Qg6 9. O-O O-O 10. Nd2 d5
11. Bh5 Qb6 12. b4 Bd6 13. Ne6 Qxe3 14. fxe3 Bxe6 15. exd5 Nxd5 16. Qc1 Nxe3 17. Re1 Nd3 18. Qb1 Nxe1 19. Qxe1 Nc2 20. Qc1 Nxa1
21. Qxa1 c5 22. Ne4 Be5 23. Nxc5 Bd5 24. Nd7 Rfe8 25. Nxe5 Rxe5 26. Bf3 Rae8 27. Kf2 Bxf3 28. gxf3 Re2+ 29. Kg3 h5 30. Qb1 g6
31. a4 R8e3 32. c4 h4+ 33. Kxh4 Rxh2+ 34. Kg3 Rh5 35. Qf1 Ree5 36. f4 Re3+
0-1

[Event "Agarr's Standard Free for All 5"]
[Site "SchemingMind.com"]
[Date "2011.12.31"]
[Round "-"]
[White "Olli Ylönen"]
[Black "emvarela"]
[Result "0-1"]
[WhiteCountry "FIN"]
[BlackCountry "ARG"]
[WhiteElo "1825"]
[WhiteRD "58"]
[BlackElo "1819"]
[BlackRD "48"]
[GameID "300243"]

1. e4 e5 2. Nf3 Nc6 3. d4 exd4 4. Nxd4 Bc5 5. Be3 Qf6 6. c3 Nge7 7. Bc4 Ne5 8. Be2 d5 9. O-O O-O 10. f4 Bxd4
11. fxe5 Bxe3+ 12. Kh1 Qxe5
0-1

[Event "Agarr's Standard Free for All 5"]
[Site "SchemingMind.com"]
[Date "2011.12.31"]
[Round "-"]
[White "Olli Ylönen"]
[Black "Scooter"]
[Result "0-1"]
[WhiteCountry "FIN"]
[BlackCountry "USA"]
[WhiteElo "1797"]
[WhiteRD "52"]
[BlackElo "1818"]
[BlackRD "56"]
[GameID "300245"]

1. e4 c6 2. d4 d5 3. Nc3 dxe4 4. Nxe4 Bf5 5. Ng3 Bg6 6. h4 h6 7. Nf3 Nd7 8. h5 Bh7 9. Bd3 Bxd3 10. Qxd3 Qc7
11. Bd2 Ngf6 12. O-O-O e6 13. Ne4 O-O-O 14. g3 Nxe4 15. Qxe4 Bd6 16. c4 c5 17. Bc3 cxd4 18. Bxd4 e5 19. Bxa7 f5 20. Qc2 b6
21. Qa4 Nc5 22. Qc2 Ne4 23. g4 Qxa7 24. gxf5 Nf6 25. b3 Qb7 26. Nd2 Bb4 27. Nb1 Qf3 28. a3 Bc5 29. Rhf1 Ne4 30. b4 Qf4+
31. Kb2 Bd4+ 32. Ka2 Qxf5 33. Rd3 Nxf2 34. Rxf2 Qxf2 35. Rd2 Qe3 36. Qf5+ Kb8 37. Rd3 Qe2+ 38. Rd2 Qxc4#
0-1

[Event "Agarr's Standard Free for All 5"]
[Site "SchemingMind.com"]
[Date "2012.01.01"]
[Round "-"]
[White "jtrochez1"]
[Black "Olli Ylönen"]
[Result "0-1"]
[WhiteCountry "HON"]
[BlackCountry "FIN"]
[WhiteElo "1626"]
[WhiteRD "49"]
[BlackElo "1797"]
[BlackRD "52"]
[GameID "300246"]

1. e4 e5 2. Nf3 Nc6 3. Bb5 f5 4. d3 fxe4 5. dxe4 Nf6 6. Bg5 Bc5 7. Nc3 d6 8. Nd5 Bxf2+ 9. Kxf2 Nxe4+ 10. Kg1 Nxg5
11. Ne3 O-O 12. Be2 Nxf3+ 13. Bxf3 Qg5 14. Nd5 Nd4 15. Be2 c6 16. Nc3 Qe3#
0-1

[Event "Agarr's Standard Free for All 5"]
[Site "SchemingMind.com"]
[Date "2012.01.05"]
[Round "-"]
[White "agarr"]
[Black "Olli Ylönen"]
[Result "0-1"]
[WhiteCountry "RUS"]
[BlackCountry "FIN"]
[WhiteElo "1732"]
[WhiteRD "76"]
[BlackElo "1815"]
[BlackRD "53"]
[GameID "300247"]

1. e4 c5 2. Nf3 d6 3. Bc4 Nf6 4. Nc3 e6 5. O-O a6 6. a4 Be7 7. e5 dxe5 8. Nxe5 O-O 9. d3 Nbd7 10. Nxd7 Bxd7
11. Bf4 Bc6 12. Re1 Bd6 13. Bxd6 Qxd6 14. Ne4 Nxe4 15. dxe4 Qxd1 16. Rexd1 Bxe4 17. Rd2 h6 18. Rad1 Bc6 19. b3 b5 20. axb5 Bxb5
21. Bxb5 axb5 22. Rd7 Ra2 23. R1d2 Ra1+ 24. Rd1 Rfa8 25. g3 Rxd1+ 26. Rxd1 Ra2 27. Rd2 c4 28. bxc4 bxc4 29. Kf1 c3 30. Re2 g5
31. f3 Kg7 32. Kf2 Kf6 33. Ke3 h5 34. Kd3 Ra1 35. Kd4 e5+ 36. Ke4 Rd1 37. Ke3 Kf5 38. Kf2 g4 39. fxg4+ Kxg4 40. h4 f5
0-1

[Event "Agarr's Standard Free for All 5"]
[Site "SchemingMind.com"]
[Date "2012.01.02"]
[Round "-"]
[White "echecs"]
[Black "Olli Ylönen"]
[Result "0-1"]
[WhiteCountry "ENG"]
[BlackCountry "FIN"]
[WhiteElo "1820"]
[WhiteRD "66"]
[BlackElo "1797"]
[BlackRD "52"]
[GameID "300248"]

1. e4 e5 2. Nf3 Nc6 3. Bc4 Nf6 4. Ng5 Bc5 5. Nxf7 Bxf2+ 6. Kf1 Qe7 7. Nxh8 d5 8. exd5 Nd4 9. d6 Qxd6 10. Nf7 Qc5
11. d3 e4 12. b4 Qf5 13. dxe4 Nxe4 14. g4 Qg6 15. Bf4 Bxg4 16. Ne5 Bh3#
0-1

[Event "Agarr's Standard Free for All 5"]
[Site "SchemingMind.com"]
[Date "2012.01.02"]
[Round "-"]
[White "emvarela"]
[Black "Olli Ylönen"]
[Result "1-0"]
[WhiteCountry "ARG"]
[BlackCountry "FIN"]
[WhiteElo "1803"]
[WhiteRD "48"]
[BlackElo "1843"]
[BlackRD "55"]
[GameID "300249"]

1. e4 e5 2. Nf3 Nc6 3. Bb5 f5 4. Nc3 fxe4 5. Nxe4 d5 6. Nxe5 dxe4 7. Nxc6 Qg5 8. Qe2 Nf6 9. f4 Qxf4 10. Nxa7+ Bd7
11. Bxd7+ Kxd7 12. Qb5+ Ke6 13. Qb3+ Kd7 14. Qb5+ Ke6 15. d3 Qe5 16. Qc4+ Kf5 17. O-O+ Kg6 18. Be3 Ng4 19. Qf7#
1-0

[Event "Agarr's Standard Free for All 5"]
[Site "SchemingMind.com"]
[Date "2011.12.31"]
[Round "-"]
[White "Phillip Beckett"]
[Black "Olli Ylönen"]
[Result "0-1"]
[WhiteCountry "ENG"]
[BlackCountry "FIN"]
[WhiteElo "1669"]
[WhiteRD "56"]
[BlackElo "1768"]
[BlackRD "52"]
[GameID "300250"]

1. e4 e5 2. Nf3 Nc6 3. Bb5 f5 4. Bxc6 dxc6 5. Nxe5 Qd4 6. Qh5+ g6 7. Nxg6 hxg6 8. Qxg6+ Kd8 9. d3 Ne7 10. Be3 Qxb2
11. O-O Nxg6
0-1

[Event "Agarr's Standard Free for All 5"]
[Site "SchemingMind.com"]
[Date "2011.12.31"]
[Round "-"]
[White "Scooter"]
[Black "Olli Ylönen"]
[Result "0-1"]
[WhiteCountry "USA"]
[BlackCountry "FIN"]
[WhiteElo "1818"]
[WhiteRD "56"]
[BlackElo "1797"]
[BlackRD "52"]
[GameID "300251"]

1. d4 Nf6 2. Nf3 g6 3. Bf4 Bg7 4. e3 d6 5. c3 O-O 6. h3 Nbd7 7. Nbd2 Qe8 8. Be2 e5 9. dxe5 dxe5 10. Bg3 Qe7
11. O-O b6 12. Nc4 Nh5 13. Qd5 Nxg3 14. fxg3 Rb8 15. e4 Bb7 16. Qd3 Nc5 17. Qe3 Nxe4 18. Nfd2 Nxd2 19. Qxd2 Rbd8 20. Qc2 f5
21. Qb3 Kh8 22. Rad1 Rxd1 23. Rxd1 Qc5+ 24. Kh1 Qf2 25. Bf1 Qxg3 26. Qc2 Qxh3+ 27. Kg1 Qg4 28. Rd7 f4 29. Rxc7 f3 30. Rxb7 f2+
31. Qxf2 Rxf2 32. Kxf2 Qf4+ 33. Kg1 h5 34. Rxa7 e4 35. Ra8+ Kh7 36. Re8 b5 37. Na3 Qe3+ 38. Kh1 b4 39. Nc4 Qf4 40. Kg1 bxc3
41. bxc3 Bxc3 42. Rd8 Be1 43. Rd7+ Kh6
0-1